Aquela Nuvem e Outras (Registo nº 199833)
[ vista simples ]
| 000 -Etiqueta do registo | |
|---|---|
| Valores | 00840nam 22002653 4500 |
| 010 ## - Número ISBN | |
| ISBN | 972-610-221-9 |
| 021 ## - Número do Depósito Legal | |
| Código do país | Portugal |
| Número | 144195/99 |
| 100 ## - Dados gerais de processamento | |
| Dados gerais | 20260112d u||y0pory50 ba |
| 101 ## - Língua de publicação | |
| Língua | Português |
| 102 ## - País de publicação | |
| País | Portugal |
| 200 ## - Titulo e menção de responsabilidade | |
| Título próprio | Aquela Nuvem e Outras |
| Primeira menção de responsabilidade | Eugénio de Andrade |
| Outras menções de responsabilidade | Ilustração de Alfredo Martins |
| 205 ## - Menção da edição | |
| Edição | 10ª |
| 210 ## - Publicação | |
| Local de publicação | Porto |
| Nome do editor | Campo das Letras Editores |
| Data de publicação | 2002 |
| 215 ## - Descrição física | |
| Paginação / Volumes | 46, [1] p. : muito il. |
| Outras indicações físicas | Encadernado |
| Dimensões | 22 x 26 cm |
| 225 ## - Colecção | |
| Título próprio da colecção | Palmo e Meio |
| Indicação de volume | 7 |
| 300 ## - Notas gerais | |
| Texto da nota | Poesia para crianças |
| 606 ## - Nome comum usado como assunto | |
| ID Autoridade | 5514 |
| Palavra de ordem | Literatura Portuguesa |
| Subdivisão assunto | Poesia para crianças |
| 675 ## - CDU | |
| Notação | 821.134.3-1-93/AND/AQU |
| Edição | PT |
| Língua | por |
| 700 ## - Autor principal (pessoa individual) | |
| ID Autoridade | 2254 |
| Apelido | Andrade |
| Nome | Eugénio de |
| Datas | 1923-2005 |
| 702 ## - Autor secundário (pessoa individual) | |
| ID Autoridade | 4653 |
| Apelido | Martins |
| Nome | Alfredo |
| 801 ## - Fonte de origem | |
| País | PT |
| Agência | BMMN |
| Regras de catalogação | RPC |
| 830 ## - Notas gerais do catalogador | |
| Criado por | Carlos Pinto |
| Data de criação | 12-01-2026 |
| Indexado por | Carlos Pinto |
| 990 ## - Elementos KOHA | |
| Tipo de documento | Livro |
| Situação do levantamento | Biblioteca de origem | Código de barras | Cota | Permissão de empréstimo | Tipo de documento | Forma de aquisição |
|---|---|---|---|---|---|---|
| Biblioteca Escolar nº 2 | 28860 | 821.134.3-1-93/AND/AQU | Livro | Compra |